000 01438nam a2200337 a 4500
001 ebr10254913
003 CaPaEBR
006 m u
007 cr cn|||||||||
008 090430s2008 enkab sb 001 0deng d
020 _z9781845114930
040 _aCaPaEBR
_cCaPaEBR
035 _a(OCoLC)298661208
043 _aa-cb---
_ae-uk---
050 1 4 _aDS554.8
_b.F54 2008eb
100 1 _aFielding, Leslie,
_cSir.
245 1 0 _aBefore the killing fields
_h[electronic resource] :
_bwitness to Cambodia and the Vietnam War /
_cLeslie Fielding.
260 _aLondon :
_bI.B. Tauris,
_c2008.
300 _axxxii, 261 p. :
_bill., map.
504 _aIncludes bibliographical references and index.
505 0 0 _a1. Mob at the Chancery gates -- 2. The number one twister -- 3. Chez Madame Chhum -- 4. Friendly fire.
533 _aElectronic reproduction.
_bPalo Alto, Calif. :
_cebrary,
_d2013.
_nAvailable via World Wide Web.
_nAccess may be limited to ebrary affiliated libraries.
600 1 0 _aFielding, Leslie,
_cSir.
650 0 _aDiplomats
_zGreat Britain
_vBiography.
651 0 _aCambodia
_xHistory
_y1953-1975.
651 0 _aCambodia
_xPolitics and government.
651 0 _aGreat Britain
_xForeign relations
_zCambodia.
655 7 _aElectronic books.
_2local
710 2 _aebrary, Inc.
856 4 0 _uhttp://site.ebrary.com/lib/rucke/Doc?id=10254913
_zAn electronic book accessible through the World Wide Web; click to view
999 _c14675
_d14675